Les Bahamas pour les touristes... - Statistiques

Statistiques générales
  • Ce quiz a été pris 5 fois
  • Le résultat moyen est 9 sur 20
Statistiques - réponses
Question Indice Réponses % Correct
Quelle est la langue officielle ? Anglais
100%
Avez-vous besoin d'un visa ? (oui/non) Non
100%
Achats à faire 3/ Chapeau de Paille
100%
Quel est le climat local ? T Tropical
100%
Combien d'heures (environ) mettrez-vous pour vous y rendre ? (en chiffres) 10
75%
Dans la capitale quel est le décalage horaire avec Paris ? (+ ou - et chiffre) ex - 10 - 6
75%
La vitesse est limitée hors des villes à {70} km/h
75%
La conduite se fait à droite ou à gauche ? Gauche
75%
Achats à faire 2/ Bijou en Argent
50%
Quelles sont les principaux lieux touristiques ? L {Long} Island
50%
Achats à faire 4/ Oeuvres d'art Peinture
50%
Comment se nomme la principale compagnie aérienne locale B Bahamasair
25%
Le suffixe internet est bs
25%
Quelles sont les principaux lieux touristiques ? N Nassau
25%
La religion majoritaire est Baptisme
0%
Achats à faire 1/ Tissus Batik
0%
Quelle est la monnaie ? Dollar bahaméen
0%
Le principal aéroport est G B Grand Bahama
0%
Quelles sont les principaux lieux touristiques ? E Ile d'{Eleuthera}
0%
Quelles sont les principaux lieux touristiques ? E Iles {Exuma}
0%
Aucun quiz correspondant
Distribution des résultats
% des personnes avec chaque résultat
Percentile par nombre de réponses
Votre historique - résultats
Vous n’avez pas pris ce quiz